Análisis del discurso: hacia una semiótica de la interaccion teatral

I tiakina i:
Ngā taipitopito rārangi puna kōrero
Ngā kaituhi matua: Lozano, Jorge (autor), Peña-Marin, Cristina (Author), Abril, Gonzalo (Author)
Hōputu: Pukapuka
Reo:Pāniora
I whakaputaina: Madrid Cátedra 1986
Putanga:2a. ed
Rangatū:Crítica y estudios literarios
Ngā marau:
Ngā Tūtohu: Tāpirihia he Tūtohu
Kāore He Tūtohu, Me noho koe te mea tuatahi ki te tūtohu i tēnei pūkete!

MARC

LEADER 00000nam a2200000 a 4500
001 UCW8049
003 CL-VaPUC
008 880415e19860000SP |||||||||||||||||spa|d
082 0 4 |a 401.41  |b LOZ  |2 21 
100 |a Lozano, Jorge  |e autor  |9 438358 
700 0 |a Peña-Marin, Cristina  |e author  |9 313157 
700 0 |a Abril, Gonzalo  |e author  |9 313158 
245 1 0 |a Análisis del discurso: hacia una semiótica de la interaccion teatral 
250 |a 2a. ed 
300 |a 253 p 
942 |c BK 
945 |d 19880415 00:00:00 
260 |a Madrid  |b Cátedra  |c 1986 
650 0 |a Análisis del discurso  |9 256696 
650 7 |a SEMIOLOGIA LINGUISTICA  |2 CL-VaPUC  |9 313159 
583 |a last modification  |c 19880415 00:00:00  |k Rodrigo Vera 
490 0 |a Crítica y estudios literarios 
999 |c 220550  |d 220548